000
00217nam a22000857a 4500
008
161104b xxu||||| |||| 00| 0 eng d
100
_9
1038
_a
Singhal j. p etal
245
_a
Social Science
260
_a
New Delhi
_b
Amanda
_c
2012
999
_c
3694
_d
3694